000 01122nam a22003617a 4500
003 CHAP
005 20230613062625.0
008 100727s1976 es a r 00010 spa d
010 _a98921
011 _a99893
020 _a8473530349
035 _a110579
040 _cCHAP
082 1 4 _a338.19
_bG93
100 1 _aGuerrero Martín, José.
_951236
245 1 3 _aEl hambre :
_bcrisis o escandalo
_c/por José Guerrero Martín
260 _aBarcelona :
_bPromoción Cultural,
_c1976
300 _a157 p. :
_bilus.
590 _aBATCH-UPD
_b10
_c20130110
_lUCH01
_h1049
590 _aBATCH-UPD
_b10
_c20130410
_lUCH01
_h0646
590 _aBATCH-UPD
_b10
_c20130914
_lUCH01
_h0219
590 _aCONVERSION
_b10
_c20130109
_lUCH01
_h1355
650 1 4 _aAlimentos
_xAbastecimiento.
650 1 7 _aCooperación internacional
_2
_927771
650 1 4 _aHambre.
_952413
650 1 4 _aJusticia.
_962542
650 1 4 _aPaíses subdesarrollados.
_985149
650 1 4 _aPobreza.
_989463
650 1 4 _aPolítica económica.
901 _aBK
942 _cLIBRO
949 _a338.19 G93
_bBC
_cLIBRO
_d33724002200389
_eLIBRO
_h113339
_i110579
_sb
999 _c98921
_d98921